00526nam a2200157 a 450000500170000000800410001702000180005805000180007610000190009424500600011326000310017330000090020444000200021399900190023395201160025220140412111340.0040906s19uu xx 00 eng d a0-307-44418-x aERbFl64 2001 aMackall, Dandi aThe Flintones :bNo Biz like show biz /cDandi Mackall. aNew York :bGolden,c2001. aunp. aCartoon Network c105101d105101 001040aELbELcERd2004-09-06eLib. Fundg154.50l0oER Fl64 2001pE9412r2014-04-12 00:00:00w2014-04-12yBK